| 000 | 00764nam a22002777a 4500 | ||
|---|---|---|---|
| 003 | CHAP | ||
| 005 | 20221024142033.0 | ||
| 008 | 971013s r 00010 d | ||
| 010 | _a57469 | ||
| 011 | _a58441 | ||
| 035 | _a62596 | ||
| 040 | _cCHAP | ||
| 090 | _aTesis | ||
| 100 | 0 | 0 |
_aSoto B., Ismael. _9108851 |
| 245 |
_aCultivo del cacahuate / _cpor Ismael Soto B. |
||
| 260 |
_a(s.l.) : _bEl autor, _c1943 |
||
| 300 |
_a(s.p.) _b: Ilus. |
||
| 502 | _aTesis (Agrónomo) -- Esc. Sup. de Agricultura "Hermanos Escobar" | ||
| 590 |
_aALEPH _b10 _c20130110 |
||
| 590 |
_aBATCH-UPD _b10 _c20130110 |
||
| 590 |
_aCONVERSION _b10 _c20130109 |
||
| 650 | 1 | 4 |
_aCacahuate. _916848 |
| 901 | _aBK | ||
| 942 |
_cTESIS _2ddc |
||
| 949 |
_bBC _cTES _d-134142 _eTS1 _i62596 _si |
||
| 999 |
_c57469 _d57469 |
||